000 00830nam a22002777a 4500
003 CHAP
005 20220329134724.0
008 971013s r 10010 d
010 _a24814
011 _a25786
035 _a29886
040 _cCHAP
082 _a510.78
_bM32 1965
111 0 0 _aMachine Records Conference (
_n10
_d: 1965
_c: East Lansing, Mich.)
_969402
245 _aProceedings
260 _aEast Lansing, Mich. :
_b(s.e.),
_c(s.a.)
300 _av
500 _aLa biblioteca tiene: v.1
590 _aBATCH-UPD
_b10
_c20130110
_lUCH01
_h0131
590 _aBATCH-UPD
_b10
_c20130110
_lUCH01
_h2259
590 _aCONVERSION
_b10
_c20130109
_lUCH01
_h1314
650 1 4 _aCalculadoras.
_917343
901 _aBK
942 _cLIBRO
949 _a510.78 M32 1965
_bBC
_cLIBRO
_d33724000412979
_eLIBRO
_fv.1
_h28212
_i29886
_si
999 _c24814
_d24814